Представление документа в формате RUSMARC

ПолеНазваниеЗначение
  Тип записи i
  Библиографический уровень m
001 Контрольный номер RU/IS/BASE/357751659
005 Дата корректировки 20250324085845.6
010 Индекс ISBN __
d Цена 172-13
101 Язык документа 0_
a Язык текста rus
c Язык оригинала eng
200 Заглавие и сведения об ответственности 1_
a Заглавие "Убийство миссис Спенлоу" ; "Убийство в каретном ряду" ; "Медовый месяц Аликс Мартин"
e Сведения, относящиеся к заглавию [аудиоспектакли]
f Первые сведения об ответственности Агата Кристи ; [исполн.: А. Адоскин и др. ; Гостелерадиофонд]
b Общее обозначение материала Звукозапись
210 Выходные данные 1_
a Место издания М.
c Издательство Бизнессофт
d Дата издания 2010
215 Физическое описание __
a Объем 1 электрон. опт. диск (Audio CD) (2 ч. 25 мин.)
225 Серия 2_
a Серия Audiobook
300 Общие примечания __
a Общие примечания Pentium 100 MHz ; 16 Mb RAM ; 4-x CD-ROM ; SVGA ; Windows 98/Me/NT/2000/XP ; звуковая карта ; mp3. - На кор. указ. выход. дан.: М. : Изд-во, 2010
323 Примечание о главных создателях, исполнителях, участниках __
a Примечание о главных создателях, исполнителях, участниках Дуров, Л.
a Примечание о главных создателях, исполнителях, участниках Потоцкая, И.
a Примечание о главных создателях, исполнителях, участниках Кутепов, А.
a Примечание о главных создателях, исполнителях, участниках Форостенко, О.
a Примечание о главных создателях, исполнителях, участниках Гребенщикова, Л.
a Примечание о главных создателях, исполнителях, участниках Кузнецов, А.
a Примечание о главных создателях, исполнителях, участниках Шалевич, В.
a Примечание о главных создателях, исполнителях, участниках Весник, Е.
a Примечание о главных создателях, исполнителях, участниках Фролов, Г.
a Примечание о главных создателях, исполнителях, участниках Титов, Л.
327 Примечание о содержании 0_
a Примечание о содержании Убийство в каретном ряду : [радиоспектакль]
327 Примечание о содержании 0_
a Примечание о содержании Медовый месяц Аликс Мартин : [радиоспектакль]
330 Аннотация __
a Аннотация В состав диска входят следующие радиоспектакли из архива Гостелерадиофонда: "Убийство миссис Спенлоу", "Убийство в каретном ряду", "Медовый месяц Аликс Мартин" в исполнении артистов московских театров.
517 Другие варианты заглавия 1_
a Другие варианты заглавия Убийство в каретном ряду
517 Другие варианты заглавия 1_
a Другие варианты заглавия Медовый месяц Аликс Мартин
606 Тематические рубрики __
a Основная рубрика Музыка и зрелищные искусства
606 Тематические рубрики __
a Основная рубрика Художественное радиовещание
610 Ключевые слова 0_
a Ключевые слова детективы; детективная литература; радиоспектакли; радиопьесы; радиопостановки; тема убийств; тема расследований; тема приключений
686 Индексы других классификаций __
a Классификационный индекс 85.38я04
700 Автор _1
a Фамилия Кристи
b Имя А.
f Даты 1891-1976
g Полное личное имя Агата
4 Код отношения 070
801 Источник записи _0
a Страна RU
b Организация Муниципальное бюджетное учреждение культуры "Централизованная библиотечная система" г. Сургут (Центральная городская библиотека им. А. С. Пушкина)
g Правила каталогизации КиК/Поспелова
801 Источник записи _1
a Страна RU
b Организация Муниципальное бюджетное учреждение культуры "Централизованная библиотечная система" г. Сургут (Центральная городская библиотека им. А. С. Пушкина)
g Правила каталогизации КиК/Поспелова
852 Данные о местонахождении __
j Шифр хранения 85.38я04
i Авторский знак К 82
901 Тип документа 1_
t Тип документа 0
903 Характеристики (МАРС) __
a Дата передачи 20110503
969 Тип издания __
a Тип издания аудиоспектакль
990 Данные о заказе (DOS) __
j Количество экземпляров (DOS) 1
h N записи в КСУ для Б/У (DOS) 201106